000 00621nam a2200193Ia 4500
005 20250508165737.0
008 008 250505s9999 xx 000 0 eng d
037 _aTextual
040 _aFEDL
_beng
_cFEDL
041 _aeng
_2eng
084 _a523.2, NPL
_qFEDL
245 0 _aSolar terrestrial physics : proceedings of second INDO -Us workshop on sorla - trrrestrial physics
245 0 _cNational physical laboratory. New Delhi
260 _aNew Delhi, India
_bNational Physical labortory
_c1986
300 _a533p.
546 _aC.S.E.C
942 _cTEXL
_h523.2, NPL
999 _c1397188
_d1397188